Entry Términos de género/forma
001 - NÚMERO DE CONTROL
- campo de control: 226850
003 - IDENTIFICADOR DE NÚMERO DE CONTROL
- campo de control: SpMaBN
005 - FECHA Y HORA DE LA ÚLTIMA TRANSACCIÓN
- campo de control: 20230626152449.0
008 - ELEMENTOS DE DATO DE LONGITUD-FIJA
- campo de control de longitud fija: 191003 n anznnbabn |a ana
024 7# - IDENTIFICADOR DE OTROS ESTÁNDARES
- Número estándar o código: https://data.bnf.fr/ark:/12148/cb119460918
- Fuente: rameau
024 7# - IDENTIFICADOR DE OTROS ESTÁNDARES
- Número estándar o código: http://id.loc.gov/authorities/subjects/sh85047940
- Fuente: lcgft
040 ## - FUENTE DE CATALOGACIÓN
- Centro catalogador/agencia de origen: SpMaBN
- Lengua de catalogación: spa
- Centro/agencia transcriptor: SpMaBN
- Normas de descripción: rdc
- Convención/Normas de encabezamiento de materia/tesauro: tgfbne
- Centro/agencia modificador: ES-MaACL
155 ## - ENCABEZAMIENTO--TÉRMINO DE GÉNERO/FORMA
- Término de género/forma: Homenajes
455 ## - TRAZADO DE VÉASE--TÉRMINO GÉNERO/FORMA
- Término de género/forma: Festschriften
455 ## - TRAZADO DE VÉASE--TÉRMINO GÉNERO/FORMA
- Término de género/forma: Obras de homenaje
555 ## - TRAZADO DE VÉASE ADEMÁS--TÉRMINO GÉNERO/FORMA
- Subcampo de control: g
- Término de género/forma: Obras conmemorativas
670 ## - FUENTE DE DATOS ENCONTRADOS
- Cita de la fuente: WWW LCGFT, 3-9-2019;
- Información encontrada: (Festschriften)
670 ## - FUENTE DE DATOS ENCONTRADOS
- Cita de la fuente: WWW RAMEAU, 3-9-2019;
- Información encontrada: (Mélanges et hommages)
670 ## - FUENTE DE DATOS ENCONTRADOS
- Cita de la fuente: WWW RBGENR, 28-2-2020;
- Información encontrada: (Festschriften)
- Identificador Uniforme de Recursos: https://rbms.info/vocabularies/genre/tr310.htm
670 ## - FUENTE DE DATOS ENCONTRADOS
- Cita de la fuente: Diccionario Harvard de la música, 2006;
- Información encontrada: (Festschrift. Una colección de artículos de colegas y alumnos publicados como tributo a un estudioso. Normalmente, la publicación se realiza con motivo de un cumpleaños significativo, y contiene artículos sobre diversos temas y a menudo una bilbiografía de los escritos del estudioso homenajeado)
670 ## - FUENTE DE DATOS ENCONTRADOS
- Cita de la fuente: WWW Embe, 26-6-2023;
- Información encontrada: (Homenajes)
954 ## - CATALOGADOR -ALTA REGISTRO
- Nombre del catalogador: Julia Mas Vieira
